Applications of social psychology (Record no. 998680)

MARC details
000 -LEADER
fixed length control field 00997nam a2200277Ia 4500
003 - CONTROL NUMBER IDENTIFIER
control field OSt
005 - DATE AND TIME OF LATEST TRANSACTION
control field 20221005092332.0
008 - FIXED-LENGTH DATA ELEMENTS--GENERAL INFORMATION
fixed length control field 221004b |||||||| |||| 00| 0 eng d
020 ## - INTERNATIONAL STANDARD BOOK NUMBER
International Standard Book Number 9780367418335 (pbk)
037 ## - SOURCE OF ACQUISITION
Terms of availability Textual
040 ## - CATALOGING SOURCE
Original cataloging agency CRL
Transcribing agency CRL
Language of cataloging eng
041 ## - LANGUAGE CODE
Source of code eng
Language code of text/sound track or separate title eng
100 ## - MAIN ENTRY--PERSONAL NAME
Personal name Forgas Joseph P. Ed.
245 #0 - TITLE STATEMENT
Title Applications of social psychology
Remainder of title how social psychology can contribute to the solution of real-world problems
260 ## - PUBLICATION, DISTRIBUTION, ETC.
Place of publication, distribution, etc. New York
Name of publisher, distributor, etc. Routledge USA
Date of publication, distribution, etc. 2020
300 ## - PHYSICAL DESCRIPTION
Extent xx,360p.
Dimensions cm.
650 ## - SUBJECT ADDED ENTRY--TOPICAL TERM
Topical term or geographic name entry element SOCIAL PSYCHOLOGY
700 ## - ADDED ENTRY--PERSONAL NAME
Personal name Crano William Ed.
9 (RLIN) 617159
700 ## - ADDED ENTRY--PERSONAL NAME
Personal name Fiedler Klaus Ed.
9 (RLIN) 69097
942 ## - ADDED ENTRY ELEMENTS (KOHA)
Classification part S8, R0
Koha item type Textual
Source of classification or shelving scheme
Holdings
Withdrawn status Lost status Damaged status Not for loan Home library Current library Date acquired Source of acquisition Total Checkouts Full call number Barcode Date last seen Price effective from Koha item type
        Central Library Central Library 2022-10-05 1283, 22/02/2022, Indica Publishers & Distributors Pvt. Ltd.   S8 R0 CL1678744 2022-10-05 2022-10-05 Textual
Copyright @ Delhi University Library System